Náklady na výskum a vývoj v účtovníctve podnikateľských subjektov

Obsahové vymedzenie nákladov na výskum a vývoj. Oceňovanie aktivovaných nákladov na vývoj. Odpisovanie (amortizácia) aktivovaných nákladov na vývoj. Ciele novej právnej úpravy účtovania nákladov na výskum a vývoj v účtovníctve podnikateľov SR.

Salvato in:
Dettagli Bibliografici
Autore principale: Baštincová, Anna
Natura: Capitolo di libro
Lingua:slovacco
Soggetti:
Tags: Aggiungi Tag
Nessun Tag, puoi essere il primo ad aggiungerne!!

MARC

LEADER 00000naa a2200000 4500
001 r047757
005 20231003112729.2
041 0 |a slo 
044 |a SK 
245 1 0 |a Náklady na výskum a vývoj v účtovníctve podnikateľských subjektov  |c Anna Baštincová 
520 |a Obsahové vymedzenie nákladov na výskum a vývoj. Oceňovanie aktivovaných nákladov na vývoj. Odpisovanie (amortizácia) aktivovaných nákladov na vývoj. Ciele novej právnej úpravy účtovania nákladov na výskum a vývoj v účtovníctve podnikateľov SR. 
610 2 0 |a účtovníctvo 
610 2 0 |a náklady 
610 2 0 |a výskum 
610 2 0 |a vývoj 
610 2 0 |a oceňovanie 
610 2 0 |a amortizácia 
610 2 0 |a úpravy právne 
610 2 0 |a podnikatelia 
610 2 0 |a Slovensko 
100 1 |a Baštincová, Anna